WWE Complete The Superstar's Name - Statistics

General Stats
  • This quiz has been taken 3,463 times
  • The average score is 14 of 15
Answer Stats
First Half Second Half % Correct
CM Punk
100%
John Cena
99%
Kofi Kingston
98%
Brock Lesnar
97%
Roman Reigns
97%
Seth Rollins
97%
Dean Ambrose
96%
Big Show
96%
Jimmy Uso
96%
Jey Uso
96%
Dolph Ziggler
96%
Rob Van Dam
90%
Jack Swagger
86%
The Rock
80%
Gol Dust
64%
No matching quizzes found
Score Distribution
Percent of People with Each Score
Percentile by Number Answered
Your Score History
You have not taken this quiz